Hitler’s war on Russia; (Record no. 187285)
[ view plain ]
| 000 -LEADER | |
|---|---|
| fixed length control field | 00795 a2200193 4500 |
| 003 - CONTROL NUMBER IDENTIFIER | |
| control field | Nust |
| 005 - DATE AND TIME OF LATEST TRANSACTION | |
| control field | 20230203093840.0 |
| 010 ## - LIBRARY OF CONGRESS CONTROL NUMBER | |
| LC control number | 65000808 |
| 040 ## - CATALOGING SOURCE | |
| Transcribing agency | Nust |
| 082 ## - DEWEY DECIMAL CLASSIFICATION NUMBER | |
| Classification number | 947,CAR |
| 100 ## - MAIN ENTRY--PERSONAL NAME | |
| Personal name | Carell, Paul. |
| 9 (RLIN) | 18975 |
| 245 ## - TITLE STATEMENT | |
| Title | Hitler’s war on Russia; |
| Remainder of title | The story of the German defeat in the East / |
| Statement of responsibility, etc. | Paul Carell. Translated from the German by Ewald Osers |
| 260 ## - PUBLICATION, DISTRIBUTION, ETC. | |
| Place of publication, distribution, etc. | London, |
| Name of publisher, distributor, etc. | Harrap |
| Date of publication, distribution, etc. | 1964 |
| 300 ## - PHYSICAL DESCRIPTION | |
| Extent | 640 p |
| Other physical details | illus |
| Dimensions | part col.) maps (1 col. fold.) ports |
| Accompanying material | 23 cm |
| 505 ## - FORMATTED CONTENTS NOTE | |
| Formatted contents note | Moscow (Page-11), Leningrod (Page-219), Rostov (Page-271), Winter Battle (Page-309), The Parts On The Artic Ocean (Page-413), The Caucasus And The Oilfields (Page-439), Stalingrad (Page-541). |
| 600 ## - SUBJECT ADDED ENTRY--PERSONAL NAME | |
| Personal name | Carell, Paul. |
| 9 (RLIN) | 18975 |
| 650 ## - SUBJECT ADDED ENTRY--TOPICAL TERM | |
| Topical term or geographic name entry element | Hitler's war on russia |
| 9 (RLIN) | 108583 |
| 942 ## - ADDED ENTRY ELEMENTS (KOHA) | |
| Source of classification or shelving scheme | |
| Koha item type | Book |
| Call number prefix | 947,CAR |
| Withdrawn status | Lost status | Source of classification or shelving scheme | Damaged status | Not for loan | Permanent Location | Current Location | Shelving location | Date acquired | Full call number | Barcode | Date last seen | Price effective from | Koha item type | Public note |
|---|---|---|---|---|---|---|---|---|---|---|---|---|---|---|
| Military College of Signals (MCS) | Military College of Signals (MCS) | General Stacks | 12/12/2016 | 947,CAR | MCS27495 | 12/08/2016 | 12/12/2016 | Book | Almirah No. 60, Shelf No. 6 | |||||
| Military College of Signals (MCS) | Military College of Signals (MCS) | General Stacks | 12/12/2016 | 947,CAR | MCS27667 | 12/08/2016 | 12/12/2016 | Book | Almirah No. 60, Shelf No. 6 |
